| 000 | 00390nam a2200133Ia 4500 | ||
|---|---|---|---|
| 008 | 220216s9999 xx 000 0 und d | ||
| 100 | _aDrozdovskii V F | ||
| 245 | 0 | _aThermal degradation of worn tyres in gaseous and liquid media | |
| 260 |
_bInternational Polymer Science and Technology _c2005 |
||
| 300 | _a16-Oct | ||
| 650 | _aThermal degradation | ||
| 700 | _aRazgon D R | ||
| 942 | _cJS | ||
| 999 |
_c71219 _d71219 |
||